Pick the Odd One Out - Cities - Statistics

General Stats
  • This quiz has been taken 44 times
  • The average score is 6 of 10
Answer Stats
Question Answer % Correct
Cities with a population over 25 Million São Paulo
83%
Most populous cities of their countries which are NOT the capital Skopje
83%
Former cities' names Düsseldorf [Berlin]
67%
Transcontinental cities Madelín, Colombia
67%
Country namesake capital cities Nicaragua City
67%
Island Cities Vancouver
67%
African cities controlled by European countries Antananarivo
50%
Modern day City-States Gibraltar
50%
Modern-day South Africa Capital cities Johannesburg
50%
Capital cities of Japan, historical and modern-day Nagoya
33%
No matching quizzes found
Score Distribution
Percent of People with Each Score
Percentile by Number Answered
Your Score History
You have not taken this quiz